[Event "IECG CA.2003.0.00080 email"]
[Site "IECG email"]
[Date "2003.04.13"]
[Round "?"]
[White "Di Tolla, Francesco"]
[Black "Galera, Tomas"]
[Result "1-0"]
[WhiteElo "2035"]
[BlackElo "2050"]
[PlyCount "27"]
[EventDate "2003.01.07"]
[EventType "tourn (corr)"]
[EventRounds "6"]
[SourceTitle "Corr 2008"]
[Source "ChessBase"]
[SourceDate "2008.06.24"]
[SourceVersion "1"]
[SourceVersionDate "2008.06.24"]
[SourceQuality "1"]

1. d4 f5 2. e4 fxe4 3. Nc3 Nf6 4. g4 h6 5. f3 d5 6. h3 Nc6 7. fxe4 dxe4 8. Be3 e5 9. dxe5 Qxd1+ 10. Rxd1 Nxe5 11. Nb5 Bb4+ 12. c3 Ba5 13. Bf4 a6 14. Bxe5 1-0